Star Trek: The Next Generation (1987-1994) Name the Cast - Statistics

General Stats
  • This quiz has been taken 1,038 times
  • The average score is 9 of 12
Answer Stats
Character Actor % Correct
Jean-Luc Picard Patrick Stewart
97%
Guinan Whoopi Goldberg
93%
Data Brent Spiner
92%
Geordi La Forge LeVar Burton
88%
William T. Riker Jonathan Frakes
87%
Worf Michael Dorn
87%
Wesley Crusher Wil Wheaton
86%
Deanna Troi Marina Sirtis
80%
Beverly Crusher Cheryl Gates McFadden
76%
Miles O'Brien Colm Meaney
65%
Tasha Yar Denise Crosby
63%
Katherine Pulaski Diana Muldaur
30%
No matching quizzes found
Score Distribution
Percent of People with Each Score
Percentile by Number Answered
Your Score History
You have not taken this quiz